Láska s vůní tymiánu /

Hlavní autor: Brumovská, Aida, 1940-2026
Další autoři: Disman, Miloslav, 1947-
Jazyk: Čeština
Vydáno: Praha : Knižní klub, 2002
Vydání: 2. upr. vyd., (V Knižním klubu 1.).
Témata:
Externí odkaz: Digitalizovaný dokument
Fyzický popis: 173 s. : il. ; 21 cm
Knihy
Uloženo v:
LEADER 01278nam a2200337 a 4500
001 000633210
003 CZ BrMZK
005 20080509094603.0
007 ta
008 021025s2002 xr c f cze d
015 |a cnb001179545 
020 |a 80-242-0842-3 
035 |a (OCoLC)85033406 
040 |a BOA001  |b cze 
072 7 |a 821-93  |x Literatura pro děti a mládež (beletrie)  |2 Konspekt  |9 26 
072 7 |a 821.162.3-3  |x Česká próza  |2 Konspekt  |9 25 
080 |a 821-93  |2 MRF 
080 |a 821.162.3-31  |2 MRF 
080 |a (0:82-31)  |2 MRF 
100 1 |a Brumovská, Aida,  |d 1940-2026  |7 jn20000400288  |4 aut 
245 1 0 |a Láska s vůní tymiánu /  |c Aida Brumovská ; [ilustrace Miloslav Disman] 
250 |a 2. upr. vyd., (V Knižním klubu 1.). 
260 |a Praha :  |b Knižní klub,  |c 2002 
300 |a 173 s. :  |b il. ;  |c 21 cm 
655 7 |a české romány  |7 fd133974  |2 czenas 
655 7 |a publikace pro mládež  |7 fd133157  |2 czenas 
700 1 |a Disman, Miloslav,  |d 1947-  |7 jn19981000662  |4 ill 
856 4 1 |u https://www.digitalniknihovna.cz/mzk/uuid/uuid:87bdec10-0352-11e4-9789-005056827e52  |y Digitalizovaný dokument  |x NDK 
910 |a BOA001  |b 2-1109.571 
990 |a BK 
996 6 |b 2610173894  |c 2-1109.571  |l MZK  |r Sklad / do 1 hodiny  |n 2  |p p.v.  |w 000633210  |u 000010  |a 1  |e BOA001  |j MZK50  |s P